[Event "29th 4NCL Congress"]
[Site "Harrogate"]
[Date "2023.01.20"]
[Round "1"]
[Board "8"]
[White "Weldon, James"]
[Black "Meredith, Daniel"]
[Result "0-1"]
[WhiteElo "1491"]
[BlackElo "1659"]
[PlyCount "70"]
[EventDate "2023.01.20"]
[EventRounds "5"]
[EventCountry "ENG"]

1. d4 Nf6 2. g3 g6 3. Bg2 Bg7 4. e4 d6 5. h4 Nbd7 6. Be3 e5 7. d5 Nc5 8. Nc3 O-O
9. b4 Na6 10. Nf3 h5 11. Qd2 Kh7 12. a3 c6 13. Bg5 Qc7 14. Bh3 Bd7 15. Qe2 cxd5 16.
Nxd5 Nxd5 17. c4 Nf6 18. Bxf6 Bxf6 19. Ng5+ Kg7 20. g4 Bxg4 21. Bxg4 hxg4 22. Rc1
Rh8 23. Qxg4 Qe7 24. Rg1 Bxg5 25. hxg5 Nc7 26. Rc3 Ne6 27. Rgg3 Rh5 28. Rh3 Rah8
29. b5 Rxh3 30. Rxh3 Rxh3 31. Qxh3 Qxg5 32. Qc3 Nd4 33. c5 Qg1+ 34. Kd2 Qxf2+ 35.
Kc1 Ne2+  0-1

[Event "29th 4NCL Congress"]
[Site "Harrogate"]
[Date "2023.01.20"]
[Round "1"]
[Board "9"]
[White "Roberts, Malcolm A"]
[Black "Gannon, Ben"]
[Result "1/2-1/2"]
[WhiteElo "1656"]
[BlackElo "1487"]
[PlyCount "55"]
[EventDate "2023.01.20"]
[EventRounds "5"]
[EventCountry "ENG"]

1. e4 e6 2. d4 d5 3. exd5 exd5 4. Nf3 Nf6 5. Nc3 Be7 6. Be2 Nc6 7. O-O O-O 8. Bf4
a6 9. a3 Nh5 10. Be3 f5 11. Ne5 Nf6 12. Nxc6 bxc6 13. Bf4 Ne4 14. Nxe4 fxe4 15. Be3
Bd6 16. h3 Qh4 17. Bg4 Rf6 18. Qe2 Rg6 19. Bxc8 Rxc8 20. Kh1 Rf8 21. f3 Qg3 22. Bg1
e3 23. Rad1 Rf5 24. Rd3 Bf4 25. Rxe3 Bxe3 26. Bxe3 Kf7 27. Bg1 Rfg5 28. Rf2  1/2-1/2

[Event "29th 4NCL Congress"]
[Site "Harrogate"]
[Date "2023.01.20"]
[Round "1"]
[Board "10"]
[White "Sayer, Ray M"]
[Black "Sloan, Cecil"]
[Result "1/2-1/2"]
[WhiteElo "1465"]
[BlackElo "1654"]
[PlyCount "57"]
[EventDate "2023.01.20"]
[EventRounds "5"]
[EventCountry "ENG"]

1. e4 c5 2. Nc3 Nc6 3. f4 g6 4. Nf3 Bg7 5. Bc4 e6 6. O-O Nge7 7. d3 O-O 8. Qe1 Na5
9. a3 Nxc4 10. dxc4 Nc6 11. Rb1 d6 12. Ne2 e5 13. fxe5 Nxe5 14. Nxe5 dxe5 15. Be3
Qe7 16. Nc3 Be6 17. Nd5 Bxd5 18. exd5 f5 19. g3 Qd6 20. Qd2 Rac8 21. a4 b6 22. Bh6
Qf6 23. Bxg7 Kxg7 24. b3 Qd6 25. Rbe1 Rce8 26. Re2 e4 27. Kg2 Qe5 28. Qe3 Rf7 29.
Ref2  1/2-1/2

[Event "29th 4NCL Congress"]
[Site "Harrogate"]
[Date "2023.01.20"]
[Round "1"]
[Board "11"]
[White "Boustred, Noel J"]
[Black "Wilson, Jeff"]
[Result "0-1"]
[WhiteElo "1644"]
[BlackElo "1455"]
[PlyCount "57"]
[EventDate "2023.01.20"]
[EventRounds "5"]
[EventCountry "ENG"]

1. e4 e5 2. Nf3 Nc6 3. Bb5 a6 4. Ba4 Nf6 5. O-O b5 6. Bb3 d6 7. Re1 Na5 8. d4 Nxb3
9. axb3 exd4 10. e5 dxe5 11. Nxe5 Be6 12. f4 Qd5 13. f5 Bd6 14. Bf4 Bxf5 15. Ng4+
Kd7 16. Ne3 dxe3 17. Qe2 Qc6 18. Bxe3 Rhe8 19. Qf2 Bg6 20. Qh4 Re4 21. Qh3+ Kd8 22.
Nd2 Rxe3 23. Rxe3 Bc5 24. Rd1 Bxe3+ 25. Qxe3 Kc8 26. Nf3 Kb7 27. Nd4 Qe4 28. Qc3
Rd8 29. Re1  0-1

[Event "29th 4NCL Congress"]
[Site "Harrogate"]
[Date "2023.01.20"]
[Round "1"]
[Board "12"]
[White "Brown, Chris"]
[Black "Oliver, Bruce R"]
[Result "0-1"]
[WhiteElo "1454"]
[BlackElo "1643"]
[PlyCount "54"]
[EventDate "2023.01.20"]
[EventRounds "5"]
[EventCountry "ENG"]

1. e4 b6 2. d4 Bb7 3. Nc3 e6 4. Be3 Bb4 5. Nf3 Nf6 6. Qe2 d5 7. e5 Ne4 8. Bd2 Nxd2
9. Qxd2 Be7 10. O-O-O c5 11. Kb1 Nc6 12. Bb5 a6 13. Bxc6+ Bxc6 14. g3 c4 15. h4 b5
16. Rdg1 b4 17. Ne2 Rb8 18. c3 bxc3 19. Nxc3 Ba3 20. Nd1 Ba4 21. Re1 Bxd1 22. Rxd1
Rxb2+ 23. Qxb2 Bxb2 24. Kxb2 O-O 25. Rb1 Qa5 26. Rhd1 Rb8+ 27. Kc2 Qxa2+  0-1

[Event "29th 4NCL Congress"]
[Site "Harrogate"]
[Date "2023.01.20"]
[Round "1"]
[Board "13"]
[White "Mulholland, Glenn"]
[Black "Hollyman, Mike"]
[Result "1/2-1/2"]
[WhiteElo "1640"]
[BlackElo "1444"]
[PlyCount "126"]
[EventDate "2023.01.20"]
[EventRounds "5"]
[EventCountry "ENG"]

1. d4 Nf6 2. Bf4 d5 3. e3 c5 4. c3 Nc6 5. Nf3 Bg4 6. Nbd2 e6 7. Qb3 Qb6 8. Bb5 Be7
9. Ne5 O-O 10. Bxc6 bxc6 11. Qxb6 axb6 12. Nxc6 Rfe8 13. Nxe7+ Rxe7 14. dxc5 e5 15.
Bg5 bxc5 16. O-O Rea7 17. a3 Rb7 18. b4 Rba7 19. bxc5 Rc7 20. Bxf6 gxf6 21. e4 Rxc5
22. exd5 Rxc3 23. Ne4 Rc4 24. Nxf6+ Kg7 25. Nxg4 Rxg4 26. Rfd1 Kf8 27. d6 Rd4 28.
Rxd4 exd4 29. f4 Rd8 30. Rd1 Rxd6 31. Rd3 Ke7 32. Kf2 Ra6 33. Kf3 Ke6 34. Ke4 Ra4
35. f5+ Kf6 36. g4 Kg5 37. h3 Kf6 38. Kd5 Kg5 39. Ke5 h6 40. f6 Kg6 41. h4 Ra6 42.
Rf3 Ra4 43. Kd6 d3 44. h5+ Kg5 45. Rxd3 Kxf6 46. Rf3+ Kg5 47. Rg3 Kf4 48. Rb3 Kg5
49. Ke7 f5 50. gxf5 Kxf5 51. Rg3 Kf4 52. Rg6 Rxa3 53. Kf7 Kf5 54. Kg7 Rh3 55. Kxh6
Rh4 56. Rg5+ Kf6 57. Rg6+ Kf5 58. Ra6 Re4 59. Kg7 Re7+ 60. Kf8 Rh7 61. h6 Rd7 62.
Kg8 Kg5 63. h7 Rd8+  1/2-1/2

[Event "29th 4NCL Congress"]
[Site "Harrogate"]
[Date "2023.01.20"]
[Round "1"]
[Board "14"]
[White "Kilmartin, David"]
[Black "Tedd, Bernie"]
[Result "0-1"]
[WhiteElo "1440"]
[BlackElo "1637"]
[PlyCount "83"]
[EventDate "2023.01.20"]
[EventRounds "5"]
[EventCountry "ENG"]

1. e4 c5 2. Nc3 d6 3. f4 Nc6 4. Nf3 g6 5. Bb5 Bd7 6. Bxc6 Bxc6 7. d3 Bg7 8. O-O e6
9. Qe1 Ne7 10. Be3 O-O 11. Qh4 Nc8 12. Qh3 Bd7 13. g4 f5 14. e5 b6 15. exd6 Nxd6
16. Rae1 fxg4 17. Qxg4 e5 18. Qg3 Nf5 19. Qf2 Nxe3 20. Rxe3 exf4 21. Re2 Bg4 22.
Kh1 Bd4 23. Nxd4 cxd4 24. Ne4 Bxe2 25. Qxe2 Qd5 26. Qf2 Rae8 27. b3 Rxe4 28. dxe4
Qxe4+ 29. Kg1 Qe3 30. Re1 Qxf2+ 31. Kxf2 Rc8 32. Re2 Kf7 33. Kf3 g5 34. Rd2 Rd8 35.
Kg4 Kg6 36. h4 h6 37. Re2 Rd6 38. hxg5 f3 39. Kxf3 hxg5 40. Re4 d3 41. cxd3 Rxd3+
42. Ke2  0-1

[Event "29th 4NCL Congress"]
[Site "Harrogate"]
[Date "2023.01.20"]
[Round "1"]
[Board "15"]
[White "Weller, Colin"]
[Black "Scorer, David M"]
[Result "1/2-1/2"]
[WhiteElo "1614"]
[BlackElo "1422"]
[PlyCount "57"]
[EventDate "2023.01.20"]
[EventRounds "5"]
[EventCountry "ENG"]

1. e4 c6 2. Nf3 d5 3. exd5 cxd5 4. d4 Nf6 5. c3 e6 6. Nbd2 Be7 7. Be2 Nc6 8. O-O
O-O 9. Re1 b6 10. Bf1 Bb7 11. g3 Rc8 12. Bg2 Qc7 13. Nb3 Bd6 14. h3 Ne4 15. Be3 Ba6
16. Ng5 Nxg5 17. Bxg5 Be7 18. Bxe7 Qxe7 19. f4 Qf6 20. Qf3 g6 21. Bf1 Bxf1 22. Rxf1
Qg7 23. Rae1 b5 24. a3 Rc7 25. Re2 Rfc8 26. Re3 Qh6 27. Kg2 a6 28. Rf2 Qg7 29. h4
 1/2-1/2

[Event "29th 4NCL Congress"]
[Site "Harrogate"]
[Date "2023.01.20"]
[Round "1"]
[Board "16"]
[White "Dargue, Peter W"]
[Black "Berry, Mike"]
[Result "0-1"]
[WhiteElo "1421"]
[BlackElo "1611"]
[PlyCount "70"]
[EventDate "2023.01.20"]
[EventRounds "5"]
[EventCountry "ENG"]

1. e4 c5 2. Nf3 d6 3. Bb5+ Bd7 4. Bxd7+ Nxd7 5. c4 g6 6. d4 Bg7 7. Be3 Qb6 8. Qb3
cxd4 9. Qxb6 Nxb6 10. Bxd4 Bxd4 11. Nxd4 Nxc4 12. b3 Ne5 13. O-O Rc8 14. Rd1 Nf6
15. f3 O-O 16. Na3 a6 17. Rac1 Nc6 18. Nxc6 Rxc6 19. Rxc6 bxc6 20. b4 Rb8 21. Rc1
Rxb4 22. Rxc6 Ra4 23. Nc2 Rxa2 24. Nb4 Ra1+ 25. Kf2 a5 26. Ra6 a4 27. Ra8+ Kg7 28.
Ra7 Ng8 29. Nc6 Kf6 30. Ra8 Nh6 31. Ra7 e6 32. Nd8 a3 33. h3 a2 34. Ke2 Ke5 35. g3
Rh1  0-1

[Event "29th 4NCL Congress"]
[Site "Harrogate"]
[Date "2023.01.20"]
[Round "1"]
[Board "17"]
[White "Merry, John D"]
[Black "Goldsmith, Jennifer"]
[Result "1/2-1/2"]
[WhiteElo "1603"]
[BlackElo "1400"]
[PlyCount "59"]
[EventDate "2023.01.20"]
[EventRounds "5"]
[EventCountry "ENG"]

1. e4 c6 2. d4 d5 3. e5 Bf5 4. Nf3 e6 5. Nc3 c5 6. a3 Nd7 7. Be3 a6 8. Be2 Qc7 9.
O-O Ne7 10. Nh4 cxd4 11. Bxd4 Nxe5 12. f4 N5g6 13. Nxf5 Nxf5 14. Be5 Qb6+ 15. Kh1
Ne3 16. Qd3 Nxf1 17. Rxf1 Nxe5 18. fxe5 Bc5 19. Qf3 O-O 20. Na4 Qc7 21. Nxc5 Qxc5
22. Bd3 Rac8 23. Qh3 Qd4 24. Qh5 g6 25. Qg5 Rc7 26. h4 Qc5 27. h5 Qe7 28. Rf6 Rd7
29. Qh6 Rc7 30. Qg5  1/2-1/2

[Event "29th 4NCL Congress"]
[Site "Harrogate"]
[Date "2023.01.20"]
[Round "1"]
[Board "18"]
[White "Galloway, Peter"]
[Black "Oliver, Peter J R"]
[Result "1/2-1/2"]
[WhiteElo "1372"]
[BlackElo "1602"]
[PlyCount "68"]
[EventDate "2023.01.20"]
[EventRounds "5"]
[EventCountry "ENG"]

1. e4 d6 2. Nf3 Nf6 3. Nc3 g6 4. Bc4 Bg7 5. h3 O-O 6. O-O c5 7. d3 Nc6 8. Ne2 e6
9. c3 a6 10. Ng3 b5 11. Bb3 Bb7 12. Re1 Qc7 13. Bg5 Nd7 14. d4 c4 15. Bc2 Rfe8 16.
Qd2 a5 17. Bh6 Bh8 18. Rad1 Rad8 19. Nh2 e5 20. Ng4 Nf6 21. Bg5 Qe7 22. d5 Nb8 23.
f4 Nbd7 24. f5 Rc8 25. fxg6 fxg6 26. Rf1 Rf8 27. Qe2 Qe8 28. Rf2 Nxg4 29. Rxf8+ Qxf8
30. Qxg4 Nf6 31. Qe6+ Qf7 32. Qxd6 Ne8 33. Qb6 Qd7 34. Qe6+ Qf7  1/2-1/2

[Event "29th 4NCL Congress"]
[Site "Harrogate"]
[Date "2023.01.20"]
[Round "1"]
[Board "19"]
[White "Ganti, Shriaansh"]
[Black "Robinson, Steve"]
[Result "1-0"]
[WhiteElo "1598"]
[BlackElo "1371"]
[PlyCount "63"]
[EventDate "2023.01.20"]
[EventRounds "5"]
[EventCountry "ENG"]

1. e4 Nf6 2. e5 Nd5 3. d4 d6 4. exd6 cxd6 5. c4 Nb6 6. Nc3 g6 7. Nf3 Bg7 8. h3 Nc6
9. Be2 O-O 10. O-O Re8 11. Be3 e5 12. d5 Nd4 13. Nxd4 exd4 14. Bxd4 Qg5 15. Bxg7
Bxh3 16. Bf3 Nxc4 17. Ne4 Rxe4 18. Bxe4 Re8 19. Bc3 Rxe4 20. g3 Bxf1 21. Qxf1 Nd2
22. Qd3 Nf3+ 23. Qxf3 Qxd5 24. Qf6 Re5 25. Bxe5 dxe5 26. Re1 e4 27. Rc1 Qd7 28. Qe5
f5 29. Kh2 e3 30. Rc7 Qxc7 31. Qxc7 e2 32. Qe5  1-0

[Event "29th 4NCL Congress"]
[Site "Harrogate"]
[Date "2023.01.20"]
[Round "1"]
[Board "20"]
[White "Pringle, Andrew"]
[Black "Mitchell, Ian"]
[Result "1/2-1/2"]
[WhiteElo "1349"]
[BlackElo "1598"]
[PlyCount "105"]
[EventDate "2023.01.20"]
[EventRounds "5"]
[EventCountry "ENG"]

1. d4 Nf6 2. c4 d6 3. Nf3 g6 4. Nc3 Bg7 5. e4 O-O 6. h3 Nbd7 7. Bd3 a6 8. O-O c5
9. d5 Re8 10. Bg5 Qb6 11. Rb1 e5 12. dxe6 fxe6 13. Re1 e5 14. Qd2 Nf8 15. Bxf6 Bxf6
16. Nd5 Qd8 17. Rbd1 Bg7 18. b4 Ne6 19. bxc5 Nxc5 20. Bc2 Rf8 21. Qe2 Ne6 22. Qd2
Nf4 23. Nxf4 Rxf4 24. Qd5+ Kh8 25. Qxd6 Qxd6 26. Rxd6 Bxh3 27. Red1 Bg4 28. Rd8+
Rf8 29. Rxa8 Rxa8 30. Rd5 Bxf3 31. gxf3 g5 32. Bd1 Kg8 33. a4 Rb8 34. a5 Bf6 35.
c5 Rd8 36. Bb3 Kf8 37. Rxd8+ Bxd8 38. Bd5 Bxa5 39. Bxb7 Kf7 40. Bxa6 h5 41. c6 Ke6
42. Bb5 Kd6 43. c7 Bxc7 44. Be8 h4 45. Bh5 Kc5 46. Kg2 Kd4 47. Kh3 Kd3 48. Be8 Ke2
49. Kg2 Ke1 50. Bh5 Bb6 51. Bg4 Bxf2 52. Bh5 Bg3 53. Bg4  1/2-1/2

[Event "29th 4NCL Congress"]
[Site "Harrogate"]
[Date "2023.01.20"]
[Round "1"]
[Board "21"]
[White "Andrews, Norman G"]
[Black "Collins, Steve"]
[Result "1/2-1/2"]
[WhiteElo "1597"]
[BlackElo "1281"]
[PlyCount "44"]
[EventDate "2023.01.20"]
[EventRounds "5"]
[EventCountry "ENG"]

1. Nf3 d5 2. d4 Nf6 3. c4 e6 4. Nc3 Be7 5. cxd5 exd5 6. Bg5 O-O 7. e3 h6 8. Bh4 Bf5
9. Bxf6 Bxf6 10. Qb3 Be6 11. Qxb7 Nd7 12. Qb3 Rb8 13. Qc2 c5 14. Be2 Qb6 15. dxc5
Bxc3+ 16. Qxc3 Qxb2 17. Qxb2 Rxb2 18. Nd4 Nxc5 19. O-O Rfb8 20. Nxe6 Nxe6 21. Bf3
d4 22. exd4 Nxd4  1/2-1/2

[Event "29th 4NCL Congress"]
[Site "Harrogate"]
[Date "2023.01.20"]
[Round "1"]
[Board "22"]
[White "Sweeney, Ryan"]
[Black "Blower, Trevor R"]
[Result "0-1"]
[WhiteElo "1261"]
[BlackElo "1594"]
[PlyCount "35"]
[EventDate "2023.01.20"]
[EventRounds "5"]
[EventCountry "ENG"]

1. e4 g6 2. d4 Bg7 3. Nc3 c6 4. f4 d5 5. Nf3 Qc7 6. Be3 Nf6 7. h3 O-O 8. Qd2 b5 9.
Bd3 Nbd7 10. g4 Bb7 11. f5 b4 12. Ne2 c5 13. fxg6 fxg6 14. Ng5 Qc8 15. b3 Nb6 16.
c4 h6 17. e5 hxg5 18. O-O-O  0-1

[Event "29th 4NCL Congress"]
[Site "Harrogate"]
[Date "2023.01.20"]
[Round "1"]
[Board "23"]
[White "Buckell, David J"]
[Black "Walker, Heather Enid"]
[Result "1-0"]
[WhiteElo "1594"]
[BlackElo "1234"]
[PlyCount "101"]
[EventDate "2023.01.20"]
[EventRounds "5"]
[EventCountry "ENG"]

1. c4 Nf6 2. Nf3 Nc6 3. d4 b6 4. Nc3 Bb7 5. d5 Nb8 6. e4 d6 7. Be2 Nbd7 8. O-O g6
9. Bf4 Bg7 10. Re1 Nc5 11. Bf1 e5 12. Bg5 h6 13. Bh4 Qd7 14. Qc2 c6 15. Rad1 a5 16.
dxc6 Bxc6 17. Nxe5 dxe5 18. Rxd7 Nfxd7 19. f3 O-O 20. Nd5 g5 21. Bf2 Bb7 22. Ne7+
Kh7 23. Rd1 Rae8 24. Nf5 Bf6 25. Nd6 Rb8 26. Nxb7 Rxb7 27. g3 Kg7 28. Bh3 Rd8 29.
b3 Be7 30. Be1 f6 31. Bc3 Rbb8 32. a3 Nf8 33. Rd5 Rd6 34. b4 Nce6 35. bxa5 Nc7 36.
Rxd6 Bxd6 37. axb6 Bc5+ 38. Kf1 Rxb6 39. a4 Nfe6 40. a5 Rc6 41. Bxe6 Rxe6 42. Qb3
Na6 43. Ke2 Kg6 44. Qb5 Rd6 45. g4 h5 46. Qe8+ Kh6 47. Qh8+ Kg6 48. gxh5+ Kf7 49.
h6 Ke7 50. h7 Rd8 51. Qxd8+  1-0

[Event "29th 4NCL Congress"]
[Site "Harrogate"]
[Date "2023.01.20"]
[Round "1"]
[Board "24"]
[White "Halpin, David"]
[Black "Butterworth, Brian"]
[Result "0-1"]
[WhiteElo "1198"]
[BlackElo "1564"]
[PlyCount "108"]
[EventDate "2023.01.20"]
[EventRounds "5"]
[EventCountry "ENG"]

1. f4 c6 2. Nf3 d5 3. g3 Nf6 4. d3 Bf5 5. Nbd2 e6 6. Bg2 Qb6 7. e3 Qxe3+ 8. Qe2 Qb6
9. h3 h6 10. g4 Bh7 11. f5 c5 12. Ne5 Nbd7 13. Nxd7 Kxd7 14. fxe6+ Qxe6 15. Qxe6+
fxe6 16. O-O Bd6 17. b3 Be5 18. Rb1 Rhf8 19. Nf3 Bc7 20. Ba3 b6 21. Rbd1 Rac8 22.
Rf2 Rfe8 23. Bb2 d4 24. Re2 e5 25. Nd2 e4 26. dxe4 Bg8 27. c4 Bf4 28. Nf1 Kc7 29.
Bc1 Bxc1 30. Rxc1 Nd7 31. Nd2 Ne5 32. Nf3 Bh7 33. Nxe5 Rxe5 34. Rf1 Rd8 35. Rf7+
Rd7 36. Rxd7+ Kxd7 37. Bf3 g5 38. Kg2 Bg8 39. Kf2 Kc6 40. Kg2 Be6 41. Kf2 Bd7 42.
Kg2 Bc8 43. Kf2 Ba6 44. Re1 b5 45. Be2 bxc4 46. Bxc4 Bxc4 47. bxc4 a5 48. a4 Re8
49. Kg3 Rf8 50. Kg2 Rf4 51. e5 Kd7 52. e6+ Ke7 53. Kg1 d3 54. Rd1 Rd4  0-1

[Event "29th 4NCL Congress"]
[Site "Harrogate"]
[Date "2023.01.20"]
[Round "1"]
[Board "25"]
[White "Ainsley, Geoff J"]
[Black "Simmons, Michael W"]
[Result "1-0"]
[WhiteElo "1562"]
[BlackElo "1152"]
[PlyCount "35"]
[EventDate "2023.01.20"]
[EventRounds "5"]
[EventCountry "ENG"]

1. e4 c5 2. Nf3 d6 3. d4 Nf6 4. Nc3 a6 5. dxc5 Nbd7 6. cxd6 exd6 7. Bf4 Nc5 8. Qd4
Be7 9. O-O-O Ng4 10. h3 Bf6 11. e5 dxe5 12. Qxc5 Qe7 13. Qxe7+ Bxe7 14. Bg3 Nf6 15.
Bxe5 Bc5 16. Bxf6 gxf6 17. Nd5 Bd6 18. Nxf6+  1-0

[Event "29th 4NCL Congress"]
[Site "Harrogate"]
[Date "2023.01.21"]
[Round "2"]
[Board "1"]
[White "Blower, Trevor R"]
[Black "Lee, Jordan"]
[Result "0-1"]
[WhiteElo "1594"]
[BlackElo "1699"]
[PlyCount "90"]
[EventDate "2023.01.20"]
[EventRounds "5"]
[EventCountry "ENG"]

1. f4 d5 2. Nf3 Nf6 3. g3 c5 4. Bg2 Nc6 5. c3 Bg4 6. O-O Bxf3 7. Bxf3 e6 8. d3 Qb6
9. Be3 Qxb2 10. Nd2 Qb6 11. Qc2 Be7 12. Nb3 Na5 13. Nd2 O-O 14. Rfb1 Qc7 15. c4 d4
16. Bf2 Rab8 17. Qa4 b6 18. Be1 Qd7 19. Qc2 Nc6 20. a3 e5 21. Bxc6 Qxc6 22. fxe5
Ng4 23. Nf3 Ne3 24. Qc1 h5 25. Bd2 Bg5 26. Qb2 h4 27. Bxe3 Bxe3+ 28. Kg2 g5 29. h3
hxg3 30. Qb5 Qe6 31. Rh1 Bf4 32. Raf1 Bxe5 33. Nxg5 Qe7 34. Ne4 f5 35. Nd2 Qg5 36.
Nf3 Qe3 37. Qb2 Bf4 38. Nh4 Rf6 39. Rf3 Qe5 40. Rhf1 Be3 41. Rxg3+ Kf7 42. Rff3 f4
43. Ng6 Rxg6 44. Rxg6 Kxg6 45. Qb5 Qg5+  0-1

[Event "29th 4NCL Congress"]
[Site "Harrogate"]
[Date "2023.01.21"]
[Round "2"]
[Board "2"]
[White "Williams, Stephen"]
[Black "Buckell, David J"]
[Result "1-0"]
[WhiteElo "1696"]
[BlackElo "1594"]
[PlyCount "87"]
[EventDate "2023.01.20"]
[EventRounds "5"]
[EventCountry "ENG"]

1. d4 d6 2. c4 Nf6 3. Nc3 g6 4. e4 Bg7 5. f3 c6 6. Be3 Nbd7 7. Bd3 O-O 8. Nge2 e5
9. d5 cxd5 10. cxd5 Nc5 11. Bc2 b6 12. O-O Ba6 13. b4 Ncd7 14. a4 Rc8 15. Bd3 Bc4
16. Nb5 Bxb5 17. Bxb5 Nh5 18. Qd2 Qe7 19. Rac1 Rfd8 20. Ba6 Rxc1 21. Rxc1 Nf8 22.
Rc6 f5 23. Qc2 fxe4 24. fxe4 Nf6 25. Nc3 Ng4 26. Qe2 Nxe3 27. Qxe3 Qh4 28. g3 Qh5
29. Be2 Bh6 30. Qf3 Qg5 31. Nb5 Qd2 32. Nxd6 Rxd6 33. Rxd6 Qxb4 34. Rc6 Qxa4 35.
Rc7 Nd7 36. Kg2 a5 37. Qg4 Nf8 38. d6 Qd4 39. d7 a4 40. Rc8 a3 41. d8=Q a2 42. Qxd4
exd4 43. Bc4+ Kh8 44. Bxa2  1-0

[Event "29th 4NCL Congress"]
[Site "Harrogate"]
[Date "2023.01.21"]
[Round "2"]
[Board "3"]
[White "Fisher, Neal"]
[Black "Butterworth, Brian"]
[Result "1-0"]
[WhiteElo "1669"]
[BlackElo "1564"]
[PlyCount "65"]
[EventDate "2023.01.20"]
[EventRounds "5"]
[EventCountry "ENG"]

1. Nf3 e6 2. d4 f5 3. e4 Nf6 4. e5 Ne4 5. c3 Be7 6. h4 d6 7. Bd3 Nc6 8. Qe2 d5 9.
Bxe4 fxe4 10. Ng5 O-O 11. Qh5 Bxg5 12. hxg5 h6 13. gxh6 Qe8 14. hxg7 Qxh5 15. gxf8=Q+
Kxf8 16. Rxh5 Ne7 17. Bg5 Ng8 18. Nd2 Bd7 19. O-O-O Be8 20. Rh7 Bf7 21. Rdh1 Re8
22. Rh8 b6 23. Nf1 Rc8 24. Kd2 c5 25. dxc5 bxc5 26. Bf6 d4 27. c4 Rb8 28. b3 Rb7
29. Ng3 e3+ 30. fxe3 Rd7 31. e4 d3 32. Nh5 Bxh5 33. R1xh5  1-0

[Event "29th 4NCL Congress"]
[Site "Harrogate"]
[Date "2023.01.21"]
[Round "2"]
[Board "4"]
[White "Meredith, Daniel"]
[Black "Ainsley, Geoff J"]
[Result "0-1"]
[WhiteElo "1659"]
[BlackElo "1562"]
[PlyCount "74"]
[EventDate "2023.01.20"]
[EventRounds "5"]
[EventCountry "ENG"]

1. e4 e5 2. Nf3 Nc6 3. Bc4 Nf6 4. Ng5 d5 5. exd5 Na5 6. Bb5+ c6 7. dxc6 bxc6 8. Bd3
h6 9. Ne4 c5 10. Qe2 Be7 11. Nbc3 Bb7 12. Nxf6+ Bxf6 13. Be4 Qd7 14. d3 Rd8 15. Be3
Be7 16. Rd1 a6 17. O-O Bc6 18. Bf3 O-O 19. Ne4 Bxe4 20. Bxe4 Nc6 21. c3 Rfe8 22.
f4 exf4 23. Rxf4 Bg5 24. Rf3 Rxe4 25. Qf2 Bxe3 26. Rxe3 Rxe3 27. Qxe3 Qe7 28. Qf3
Qe6 29. d4 cxd4 30. Qf1 Qe3+ 31. Kh1 dxc3 32. bxc3 Rxd1 33. Qxd1 Qxc3 34. h3 Ne5
35. Qd5 Qe1+ 36. Kh2 Ng6 37. Qa8+ Kh7  0-1

[Event "29th 4NCL Congress"]
[Site "Harrogate"]
[Date "2023.01.21"]
[Round "2"]
[Board "5"]
[White "Oliver, Bruce R"]
[Black "Railean, Sergiu"]
[Result "0-1"]
[WhiteElo "1643"]
[BlackElo "1544"]
[PlyCount "90"]
[EventDate "2023.01.20"]
[EventRounds "5"]
[EventCountry "ENG"]

1. Nf3 Nf6 2. g3 d6 3. Bg2 c6 4. O-O e5 5. d3 Be7 6. Nbd2 O-O 7. e4 Ne8 8. c3 b5
9. d4 Nd7 10. a4 a5 11. Ne1 Ba6 12. Nc2 Nb6 13. axb5 Bxb5 14. Re1 Bf6 15. Nf3 Ba4
16. Be3 Bxc2 17. Qxc2 Nc4 18. Bc1 Nb6 19. Rd1 Qc7 20. Qe2 g6 21. Be3 Ng7 22. dxe5
dxe5 23. Bc5 Rfe8 24. Bh3 Ne6 25. Bd6 Qb7 26. Bxe5 Bxe5 27. Nxe5 Ng5 28. Bd7 Rxe5
29. f4 Nxd7 30. fxe5 Nxe5 31. Rf1 Qb6+ 32. Kg2 Rb8 33. Ra2 Ne6 34. Qf2 Qxf2+ 35.
Rxf2 Rb5 36. Rd2 Nc4 37. Re2 Nc5 38. e5 Kf8 39. Kh3 a4 40. Kg4 h6 41. Kf3 Ke7 42.
h4 Ke6 43. h5 gxh5 44. Kf4 Rxb2 45. Raxb2 Nxb2  0-1

[Event "29th 4NCL Congress"]
[Site "Harrogate"]
[Date "2023.01.21"]
[Round "2"]
[Board "6"]
[White "Tedd, Bernie"]
[Black "Sartain, Patrick P"]
[Result "1-0"]
[WhiteElo "1637"]
[BlackElo "1494"]
[PlyCount "97"]
[EventDate "2023.01.20"]
[EventRounds "5"]
[EventCountry "ENG"]

1. e4 e5 2. f4 d6 3. Nf3 Bg4 4. h3 Bxf3 5. Qxf3 Qh4+ 6. g3 Qd8 7. Bc4 Nd7 8. O-O
Ngf6 9. Nc3 exf4 10. Qxf4 Ne5 11. Bb3 Qe7 12. d4 Ned7 13. Nd5 Nxd5 14. Bxd5 O-O-O
15. Qxf7 Qxf7 16. Bxf7 h6 17. Bd2 g5 18. c3 Bg7 19. Rf2 Nf6 20. Bg6 Kb8 21. Raf1
Rdf8 22. Kg2 b6 23. a4 a5 24. Rb1 c5 25. b4 axb4 26. dxc5 dxc5 27. cxb4 c4 28. Be3
Nd7 29. Bf5 Rd8 30. Bxd7 Rxd7 31. Bxb6 Rc8 32. Bc5 c3 33. Rc1 Rd2 34. Be3 Rxf2+ 35.
Kxf2 Rc4 36. Bc5 Rxe4 37. Kf3 Re6 38. Rc2 Re1 39. Re2 Rxe2 40. Kxe2 Kb7 41. Kd3 Kc6
42. Bf2 Kd5 43. Be1 h5 44. Bxc3 Bxc3 45. Kxc3 Ke4 46. a5 Kf3 47. a6 Kxg3 48. a7 Kxh3
49. a8=Q  1-0

[Event "29th 4NCL Congress"]
[Site "Harrogate"]
[Date "2023.01.21"]
[Round "2"]
[Board "7"]
[White "Berry, Mike"]
[Black "Merrifield, Peter"]
[Result "1-0"]
[WhiteElo "1611"]
[BlackElo "1097"]
[PlyCount "77"]
[EventDate "2023.01.20"]
[EventRounds "5"]
[EventCountry "ENG"]

1. c4 e5 2. Nc3 Nf6 3. Nf3 Nc6 4. a3 d5 5. cxd5 Nxd5 6. d4 exd4 7. Nxd4 Nf6 8. Nxc6
Qxd1+ 9. Nxd1 bxc6 10. g3 Be7 11. Bg2 O-O 12. Bxc6 Rb8 13. O-O Bh3 14. Bg2 Bxg2 15.
Kxg2 h6 16. Nc3 a6 17. Rb1 c5 18. Be3 Rfc8 19. Rfc1 Nd7 20. Nd5 Bf8 21. b4 cxb4 22.
Rxc8 Rxc8 23. axb4 Rb8 24. Nc7 a5 25. b5 Nb6 26. Rc1 a4 27. Na6 Rb7 28. Nc5 Rb8 29.
Na6 Rb7 30. Rc7 Rxc7 31. Nxc7 a3 32. Bxb6 a2 33. Bd4 Bc5 34. Ba1 Bb6 35. Nd5 Bc5
36. b6 Bd6 37. Nc3 Be5 38. b7 f6 39. Nxa2  1-0

[Event "29th 4NCL Congress"]
[Site "Harrogate"]
[Date "2023.01.21"]
[Round "2"]
[Board "8"]
[White "Wilson, Jeff"]
[Black "Ganti, Shriaansh"]
[Result "0-1"]
[WhiteElo "1455"]
[BlackElo "1598"]
[PlyCount "51"]
[EventDate "2023.01.20"]
[EventRounds "5"]
[EventCountry "ENG"]

1. e4 c6 2. d4 d5 3. exd5 cxd5 4. Nc3 Nc6 5. Nf3 Bg4 6. h3 Bxf3 7. Qxf3 e6 8. Bb5
Nf6 9. a3 h6 10. Be3 Bd6 11. O-O O-O 12. Ne2 Qb6 13. Bxc6 bxc6 14. b3 Rac8 15. Rfc1
Ne4 16. b4 a5 17. c4 Be7 18. c5 Qa6 19. Nc3 Nxc3 20. Rxc3 axb4 21. Rb3 Rb8 22. Bd2
Bf6 23. Qg4 Qc4 24. Rxb4 Rxb4 25. axb4 Bxd4 26. Be3  0-1

[Event "29th 4NCL Congress"]
[Site "Harrogate"]
[Date "2023.01.21"]
[Round "2"]
[Board "9"]
[White "Miller, Jonathan"]
[Black "Duffell, Andrew"]
[Result "1-0"]
[WhiteElo "1677"]
[BlackElo "1556"]
[PlyCount "68"]
[EventDate "2023.01.20"]
[EventRounds "5"]
[EventCountry "ENG"]

1. e4 c5 2. Nc3 a6 3. f4 b5 4. d3 Bb7 5. Nf3 e6 6. b3 d5 7. Bb2 b4 8. Na4 dxe4 9.
Nxc5 exf3 10. Nxb7 Qb6 11. Qxf3 Ra7 12. Qg3 f6 13. d4 Rxb7 14. Bc4 Nh6 15. O-O-O
g6 16. Bxe6 Be7 17. Rhe1 Nf7 18. d5 O-O 19. f5 Kg7 20. h4 Bd6 21. Qh3 Qc7 22. g4
Be5 23. Rd3 Bxb2+ 24. Kxb2 a5 25. h5 g5 26. Bxf7 Rxf7 27. h6+ Kg8 28. d6 Qd8 29.
Re6 Rbd7 30. Qe3 Rf8 31. Re7 Nc6 32. Qe6+ Kh8 33. Qxd7 Qxd7 34. Rxd7 Ne5  1-0